00637cam a22001931 4500001001300000003000400013005001700017008004100034010001700075035002000092040002000112050001500132100003100147245016500178260004800343300001800391500001700409999001700426med47001904 DLC20260227111604.0940822s1946 sa 000 0 eng  amed47001904  a(OCoLC)30985342 aDLCcNNC-MdDLC00aRC358b.F61 aForman, Frank,d1898-1981.10aPsychiatry in general practice,cby Prof. F. Forman... The presidential address delivered to the Cape Town post-graduate medical association on 3 October, 1945. aCape Town,bThe Post-graduate press,c1946. a14 p.c24 cm. aCover-title. c38457d38457